Auburn's 2024 Basketball Roster - Statistics

General Stats
  • This quiz has been taken 106 times
  • The average score is 7 of 11
Answer Stats
Jersey # Player % Correct
4 Johni Broome
96%
44 Dylan Cardwell
88%
31 Chaney Johnson
74%
0 K.D. Johnson
74%
10 Chad Baker-Mazara
73%
12 Denver Jones
69%
1 Aden Holloway
62%
5 Chris Moore
55%
2 Jaylin Williams
53%
3 Tre Donaldson
47%
*24 Lior Berman
45%
No matching quizzes found
Score Distribution
Percent of People with Each Score
Percentile by Number Answered
Your Score History
You have not taken this quiz